Forest resource acquisition general information /
Disimpan dalam:
| Pengarang Korporat: | |
|---|---|
| Format: | Bersiri |
| Bahasa: | English |
| Diterbitkan: |
[Port Moresby] :
Papua New Guinea,
|
| Subjek-subjek: | |
| Penanda-penanda: |
Tambah Penanda
Tiada Penanda, Jadilah orang pertama menanda rekod ini!
|
| LEADER | 00751nas a22002294a 4500 | ||
|---|---|---|---|
| 001 | 008232012-8 | ||
| 005 | 20020606104010.5 | ||
| 008 | 000208c19uu9999pp uu 0 0eng d | ||
| 010 | |a 00234484 | ||
| 035 | 0 | |a ocm43420129 | |
| 040 | |a HLS |c HLS | ||
| 042 | |a lcd | ||
| 050 | 1 | 4 | |a SD105.P3 |b F67 |
| 245 | 0 | 0 | |a Forest resource acquisition general information / |c Papua New Guinea. |
| 260 | |a [Port Moresby] : |b Papua New Guinea, | ||
| 500 | |a Description based on: Nov. 1998. | ||
| 650 | 0 | |a Community forests |z Papua New Guinea |x Management |v Periodicals. | |
| 650 | 0 | |a Forest management |z Papua New Guinea |v Periodicals. | |
| 650 | 0 | |a Forest policy |z Papua New Guinea |v Periodicals. | |
| 710 | 2 | |a Papua New Guinea Forest Authority. | |
| 988 | |a 20020608 | ||
| 906 | |0 MH | ||


